Μορφολογία και ιζηματολογία επιχωματωμένων παραλιών : η περίπτωση της παραλίας του λόφου πανεπιστημίου
Αποθηκεύτηκε σε:
| Κύριος συγγραφέας: | |
|---|---|
| Συγγραφή απο Οργανισμό/Αρχή: | |
| Μορφή: | Thesis Βιβλίο |
| Γλώσσα: | Greek |
| Δημοσίευση: |
2009.
|
| Θέματα: | |
| Διαθέσιμο Online: | http://hdl.handle.net/11610/7061 |
| Ετικέτες: |
Προσθήκη ετικέτας
Δεν υπάρχουν, Καταχωρήστε ετικέτα πρώτοι!
|
MARC
| LEADER | 00000cam a2200000 i 4500 | ||
|---|---|---|---|
| 001 | 1/7639 | ||
| 008 | 100519s2009 gr | ||| |||| ||gre|| | ||
| 035 | |l 10107936 | ||
| 040 | |a GR-MyUa |b gre |e AACR2 | ||
| 041 | 0 | |a gre | |
| 082 | 7 | |a 551.457 |2 (22) | |
| 100 | 1 | |a Σταθάκη, Μαριάννα. | |
| 245 | 1 | 0 | |a Μορφολογία και ιζηματολογία επιχωματωμένων παραλιών : |b η περίπτωση της παραλίας του λόφου πανεπιστημίου / |c Σταθάκη Μαριάννα ; επιβλέπων: Βελεγράκης Αντώνης. |
| 260 | |c 2009. | ||
| 300 | |a 63 σ. : |b εικ. ; |c 30 εκ. | ||
| 502 | |a Πτυχιακή εργασία - Πανεπιστήμιο Αιγαίου, Λέσβος, 2009. | ||
| 504 | |a Βιβλιογραφία: σ. 57-63. | ||
| 650 | 0 | |a Coasts |z Greece |z Mytilene (Lesbos) | |
| 650 | 0 | |a Coast changes |z Greece |z Mytilene (Lesbos) | |
| 650 | 0 | |a Littoral drift. | |
| 650 | 0 | |a Dissertations, Academic |z Greece. | |
| 650 | 0 | |a Sedimentation and deposition |z Greece |z Mytilene (Lesbos) | |
| 700 | 1 | |a Βελεγράκης, Αντώνιος Φ. |e dgs | |
| 710 | 2 | |a Πανεπιστήμιο Αιγαίου |b Σχολή Περιβάλλοντος |b Τμήμα Επιστημών της Θάλασσας. | |
| 852 | |a INST |b LESVOS |c DIATR |e 20100519 |h 381 |p 005100047142 |q 005100047142 |t DIE |y 23 | ||
| 852 | |a INST |b LESVOS |c DIATR |e 20100519 |h 382 |p 005100047143 |q 005100047143 |t DIE |y 23 | ||
| 856 | |u http://hdl.handle.net/11610/7061 | ||
| 901 | |a BIBL1-2010-2 | ||
| 924 | |a Σταθάκη |b Μαριάννα |y Λέσβος |z 2009-11 | ||
| 970 | |a ΤΖΑΦΕΡΗ |b ΕΥΑΓΓΕΛΙΑ |z 2010/05/19 | ||